| 000 | 00655cab a2200229 4500 | ||
|---|---|---|---|
| 001 | E86241 | ||
| 008 | 090401t1997 xxu||||| |||| 00| 0 eng d | ||
| 035 | _a(Sirsi) u80656 | ||
| 041 | _aeng | ||
| 245 | _aCity of Glasgow District Council v Secretary of State for Scotland | ||
| 260 | _c1997 | ||
| 350 | _a0 | ||
| 490 |
_aScottish Civil Law Reports _v1997 SCLR 711-718(8) |
||
| 650 | _aCHANGE OF USE | ||
| 650 | _aENFORCEMENT NOTICES | ||
| 650 | _aGRANNY FLATS | ||
| 650 | _aPLANNING PERMISSIONS | ||
| 650 | _aTOWN AND COUNTRY PLANNING (SCOTLAND) ACT 1972 | ||
| 690 | _aPLANNING LAW AND PRACTICE-CASE LAW | ||
| 942 | _n0 | ||
| 948 | _c03/09/1997 | ||
| 999 |
_c50778 _d50778 |
||